00335cam a22001097a 4500008004000000082001800040100002000058245007500078260002700153300001000180650003500190180718b1969 xxu||||| |||| 00| 0 eng d aA99 H613/K527 aKhanolkar, G.D. aWalchand Hirachand: man, his times and achievementscby G.D. Khanolkar aBombaybWalchandc1969 a679p. aHirachand, Walchan,d 1882-1953